书目信息 |
| 题名: |
基础化学实验简明教程
|
|
| 作者: | 杜登高 , 马万勇 主编 | |
| 分册: | ||
| 出版信息: | 北京 化学工业出版社 2007.08 |
|
| 页数: | 318页 | |
| 开本: | 26cm | |
| 丛书名: | ||
| 单 册: | ||
| 中图分类: | Q6-33 | |
| 科图分类: | ||
| 主题词: | 化学实验--hua xue shi yan--高等学校--教材 | |
| 电子资源: | ||
| ISBN: | 978-7-122-00914-2 | |
| 000 | 00910nam0 2200265 450 | |
| 001 | 012008583986 | |
| 005 | 20080611140928.78 | |
| 010 | @a978-7-122-00914-2@dCNY29.80 | |
| 100 | @a20080611d2007 em y0chiy0120 ea | |
| 101 | 0 | @achi |
| 102 | @aCN@b110000 | |
| 105 | @aa a 000yy | |
| 106 | @ar | |
| 200 | 1 | @a基础化学实验简明教程@Aji chu hua xue shi yan jian ming jiao cheng@f杜登高, 马万勇主编@Fdu deng gao,ma wan yong zhu bian |
| 210 | @a北京@c化学工业出版社@d2007.08 | |
| 215 | @a318页@c图@d26cm | |
| 300 | @a高等学校教材 | |
| 320 | @a有书目 | |
| 330 | @a本书主要内容包括:化学实验基本常识,化学实验常用仪器及基本操作,化学实验中的误差分析和数据处理,提高型实验等。 | |
| 606 | 0 | @a化学实验@Ahua xue shi yan@x高等学校@j教材 |
| 690 | @aQ6-33@v4 | |
| 701 | 0 | @a杜登高@Adu deng gao@4主编 |
| 701 | 0 | @a马万勇@Ama wan yong@4主编 |
| 801 | 0 | @aCN@bQSSK@c20080611 |
| 905 | @b725849-50@dQ6-33@eD811@f2 | |
| 基础化学实验简明教程/杜登高, 马万勇主编.-北京:化学工业出版社,2007.08 |
| 318页:图;26cm |
| 高等学校教材 |
| ISBN 978-7-122-00914-2:CNY29.80 |
| 本书主要内容包括:化学实验基本常识,化学实验常用仪器及基本操作,化学实验中的误差分析和数据处理,提高型实验等。 |
| ● |
| 相关链接 |
|
|
|
正题名:基础化学实验简明教程
索取号:Q6-33/D811
 
预约/预借
| 序号 | 登录号 | 条形码 | 馆藏地/架位号 | 状态 | 备注 |
| 1 | 725849 | 207258493 | 自科库401/401自科库 30排2列4层/ [索取号:Q6-33/D811] | 在馆 | |
| 2 | 725850 | 207258509 | 自科库401/401自科库 30排2列4层/ [索取号:Q6-33/D811] | 在馆 |